Unités urbaines des Pays de la Loire sur une carte - Statistiques

Statistiques générales
  • Ce quiz a été pris 143 fois
  • Le résultat moyen est 13 sur 27
Réponses sur la Carte
Les réponses sont colorées sur une échelle allant du rouge au vert en fonction du pourcentage des utilisateurs qui les ont devinées à leur premier essai. Vous pouvez retrouver ces pourcentages ci-dessous.
 
Statistiques - réponses
Unité Urbaine Population Communes % Correct
Nantes 677 080 22
99%
Saint-Nazaire 190 847 17
94%
Angers 248 271 12
92%
La Roche-sur-Yon 54 952 1
88%
Le Mans 217 245 19
88%
Laval 63 407 3
87%
Les Sables-d'Olonne 48 402 1
83%
Cholet 53 936 1
79%
Saumur 29 338 5
68%
Mayenne 15 889 4
65%
Pornic 23 101 3
61%
Fontenay-le-Comte 16 773 4
51%
Saint-Hilaire-de-Riez 40 953 7
48%
Les Herbiers 16 453 1
44%
Challans 30 175 3
40%
Clisson 19 896 4
32%
Segré-en-Anjou Bleu 17 699 1
25%
Château-Gontier-sur-Mayenne 16 710 1
24%
Beaupréau-en-Mauges 23 639 1
23%
Sèvremoine 25 806 1
21%
Chemillé-en-Anjou 21 386 1
19%
Montaigu-Vendée 20 605 1
17%
Mauges-sur-Loire 18 331 1
14%
Loire-Authion 26 175 5
9%
Orée d'Anjou 16 709 1
9%
Saint-Julien-de-Concelles 16 302 2
8%
Montrevault-sur-Èvre 15 755 1
7%
Aucun quiz correspondant
Distribution des résultats
% des personnes avec chaque résultat
Percentile par nombre de réponses
Votre historique - résultats
Vous n’avez pas pris ce quiz